00431 2200169 4500001002100000005001500021035002000036007000300056008004100059020001800100082001300118084002300131100001600154245003900170260003600209990001600245INLIS00000000000201920260127104028 a0010-0126000072ta260127 0  a9786231893536 a920.0598 a920.0598 RIZ s c.10 aRizem Aizid1 aSelayang Pandang K.H. Idham Chalid aYogyakarta :bDIVA Press,c2024 a2026/p/0070